Szczegóły MARC21

La Salette i Awinion /

003 -Nazwa inst., której nr kontr. jest w polu 001 [,]
    • @
    • Nazwa instytucji, której n kontrolny jest w polu 001
    • NUKAT
005 -DATA I CZAS OSTATNIEJ MODYFIKACJI [,]
    • @
    • pole kontrolne
    • 20241231113812.0
020 -Międzynarod. znormalizowany nr książki - ISBN [ , ]
    • a
    • Numer ISBN
    • 9788361809500 Find
020 -Międzynarod. znormalizowany nr książki - ISBN [ , ]
    • a
    • Numer ISBN
    • 9788361809357 Find
    • q
    • Dopowiedzenie
    • seria
040 -Instytucja sporządzająca opis [ , ]
    • a
    • Instytucja, która sporządziła opis (NP)
    • WR U/kc
    • c
    • Instytucja, która sporządziła rekord (NP)
    • WR U/kc
    • d
    • Instytucja, która zmodyfikowała rekord (P)
    • WR U/jd
    • d
    • Instytucja, która zmodyfikowała rekord (P)
    • LUBL U/ABs
    • d
    • Instytucja, która zmodyfikowała rekord (P)
    • GD PAN/JSs
    • d
    • Instytucja, która zmodyfikowała rekord (P)
    • KR 307/KMs
942 -Rodzaj dokumentu [ , ]
    • c
    • Rodzaj dokumentu
    • Książka
100 -Hasło główne - nazwa osobowa [1, ]
    • a
    • Nazwa osobowa (NP)
    • Orechwo, Piotr
    • d
    • Daty biograficzne (NP)
    • (1976- ).
    • 9
    • KHW
    • 23510
245 -Strefa tytułu i oznaczenia odpowiedzialności [1,0]
    • a
    • Tytuł
    • La Salette i Awinion / Find
    • c
    • Pozostałe elementy strefy tytułu i oznaczenia odpowiedzialności (NP)
    • [tekst Piotr Orechwo, Bogdan Sobiło].
260 -Strefa adresu wydawniczego [ , ]
    • a
    • Miejsce wydania (P)
    • Warszawa :
    • b
    • Nazwa wydawcy (P)
    • Mediaprofit :
    • b
    • Nazwa wydawcy (P)
    • Agora,
    • c
    • Data wydania (P)
    • 2011.
300 -Strefa opisu fizycznego [ , ]
    • a
    • Określenie formy książki i/lub objętość (NP)
    • 271, [1] s. :
    • b
    • Oznaczenie ilustracji (NP)
    • il. (gł. kolor.) ;
    • c
    • Format (NP)
    • 23 cm.
336 -Typ zawartości [ , ]
    • a
    • Termin opisujący typ zawartości
    • Tekst
    • b
    • Kod określający zawartość
    • txt
    • 2
    • Źródło (terminu i kodu)
    • rdacontent
337 -Typ mediów [ , ]
    • a
    • Tryb odtwarzania
    • Bez urządzenia pośredniczącego
    • b
    • Kod typu mediów
    • n
    • 2
    • Źródło (terminu i kodu)
    • rdamedia
338 -Typ/rodzaj nośnika [ , ]
    • a
    • Hasło opisujące typ nośnika
    • Wolumin
    • b
    • Kod typu nośnika
    • nc
    • 2
    • Źródło (terminu i kodu)
    • rdacarrier
490 -Strefa serii i książki wielotomowej - forma nie do wyszukiwania [1, ]
    • a
    • Tytuł (P)
    • Biblioteka Gazety Wyborczej. Miejsca święte ; Find
    • v
    • Numeracja (P)
    • 15
830 -Hasło dodatkowe serii i opisu książki wielotomowej - tytuł ujednolicony/tytuł [ ,0]
    • a
    • Tytuł ujednolicony/tytuł (NP)
    • Biblioteka Gazety Wyborczej.
    • p
    • Nazwa części/podserii/sekcji (P)
    • Miejsca święte
    • v
    • Oznaczenie tomu (NP)
    • 15
    • 9
    • KHW
    • 21021
500 -Uwaga ogólna [ , ]
    • a
    • Uwaga ogólna (NP)
    • Mapa na wyklejce.
504 -Uwaga dot. bibliogr. załącznikowej [ , ]
    • a
    • Uwaga dot. bibliografii załącznikowej
    • Indeks.
080 -Uniwersalna Klasyfikacja Dziesiętna [ , ]
    • 2
    • Identyfikator wydania tablic
    • UDC-P058
    • 9
    • UKD
    • 23259
    • a
    • Symbol klasyfikacji
    • 913(44)(036)
    • b
    • Dopowiedzenie
    • Przewodniki turystyczno-krajoznawcze po Francji.
600 -Hasło przedmiotowe w formie nazwy osobowej [0,7]
    • a
    • Nazwa osobowa
    • Maria
    • c
    • Dopowiedzenie
    • (matka Jezusa Chrystusa)
    • 2
    • Źródło terminu
    • DBN
650 -Hasło przedmiotowe [ ,7]
    • a
    • Hasło przedmiotowe
    • Miejsca święte
    • v
    • Określnik formalny
    • przewodniki.
    • 2
    • Źródło terminu
    • kaba
    • 9
    • KHW
    • 362022
650 -Hasło przedmiotowe [ ,7]
    • a
    • Hasło przedmiotowe
    • Pielgrzymi i pielgrzymki chrześcijańskie
    • z
    • Określnik geograficzny
    • Francja
    • z
    • Określnik geograficzny
    • La Salette-Fallavaux.
    • 2
    • Źródło terminu
    • kaba
    • 9
    • KHW
    • 362129
650 -Hasło przedmiotowe [ ,7]
    • a
    • Hasło przedmiotowe
    • Sanktuaria maryjne
    • z
    • Określnik geograficzny
    • Francja
    • z
    • Określnik geograficzny
    • La Salette-Fallavaux
    • v
    • Określnik formalny
    • przewodniki.
    • 2
    • Źródło terminu
    • kaba
    • 9
    • KHW
    • 362132
650 -Hasło przedmiotowe [ ,7]
    • a
    • Hasło przedmiotowe
    • Objawienia maryjne w La Salette (1846)
    • 2
    • Źródło terminu
    • DBN
650 -Hasło przedmiotowe [ ,7]
    • a
    • Hasło przedmiotowe
    • Sanktuarium maryjne (La Salette-Fallavaux)
    • 2
    • Źródło terminu
    • DBN
650 -Hasło przedmiotowe [ ,7]
    • a
    • Hasło przedmiotowe
    • Duchowość katolicka
    • 2
    • Źródło terminu
    • DBN
    • 9
    • KHW
    • 734750
650 -Hasło przedmiotowe [ ,7]
    • a
    • Hasło przedmiotowe
    • Kult maryjny
    • 2
    • Źródło terminu
    • DBN
651 -Hasło przedmiotowe w formie nazwy geograficznej [ ,7]
    • a
    • Nazwa geograficzna
    • Awinion (Francja ; region)
    • v
    • Określnik formalny
    • przewodniki.
    • 2
    • Źródło terminu
    • kaba
    • 9
    • KHW
    • 362131
651 -Hasło przedmiotowe w formie nazwy geograficznej [ ,7]
    • a
    • Nazwa geograficzna
    • La Salette-Fallavaux (Francja)
    • v
    • Określnik formalny
    • przewodniki.
    • 2
    • Źródło terminu
    • kaba
    • 9
    • KHW
    • 362130
651 -Hasło przedmiotowe w formie nazwy geograficznej [ ,7]
    • a
    • Nazwa geograficzna
    • Awinion (Francja)
    • 2
    • Źródło terminu
    • DBN
    • 9
    • KHW
    • 144676
651 -Hasło przedmiotowe w formie nazwy geograficznej [ ,7]
    • a
    • Nazwa geograficzna
    • Francja
    • 2
    • Źródło terminu
    • DBN
    • 9
    • KHW
    • 721069
655 -Hasło w funkcji tematu formalnego [ ,7]
    • a
    • Hasło
    • Przewodnik turystyczny
    • 2
    • Źródło terminu
    • DBN
    • 9
    • KHW
    • 726896
658 -Ujęcie treści [ , ]
    • a
    • dziedzina nauki i sztuki/ sfera aktywności życiowej
    • Religia i duchowość
980 -Symbol UKD [ , ]
    • a
    • UKD
    • 913(44)(036)
700 -Hasło dodatkowe - nazwa osobowa [1, ]
    • a
    • Nazwa osobowa (NP)
    • Sobiło, Bogdan. Find
    • 9
    • KHW
    • 23511
920 -ISBN [ , ]
    • a
    • ISBN
    • 978-83-61809-50-0 Find
920 -ISBN [ , ]
    • a
    • ISBN
    • 978-83-61809-35-7 Find
    • q
    • Dopowiedzenie
    • seria
Status udost. Numer inwentarzowy Sygnatura Lokalizacja Data inwentaryzacji
1T.11348T.11348T2011-03-04